66_読みが7文字以上の市区町村(ひらがな対応・五十音順) - Statistics

General Stats
  • This quiz has been taken 101 times
  • The average score is 42 of 50
Answer Stats
文字
種類 都道府県名 市区町村名 % Correct
7 福島県 会津若松市
99%
7 東京都 西東京市
95%
7 山梨県 南アルプス市
95%
8 福岡県 北九州市
95%
8 愛媛県 四国中央市
95%
7 滋賀県 近江八幡市
93%
7 広島県 東広島市
93%
9 鹿児島県 南九州市
93%
7 東京都 東村山市
92%
8 奈良県 大和郡山市
92%
7 鹿児島県 いちき串木野市
89%
7 鹿児島県 薩摩川内市
89%
7 山口県 山陽小野田市
88%
7 大阪府 東大阪市
88%
7 新潟県 南魚沼市
88%
7 岩手県 陸前高田市
88%
7 山梨県 富士河口湖町
86%
7 大阪府 大阪狭山市
85%
7 大阪府 千早赤阪村
85%
7 京都府 長岡京市
85%
7 栃木県 那須烏山市
85%
7 埼玉県 東松山市
85%
7 茨城県 常陸大宮市
85%
7 兵庫県 丹波篠山市
84%
7 千葉県 南房総市
84%
7 宮崎県 都城市
84%
7 東京都 武蔵村山市
84%
7 秋田県 由利本荘市
84%
7 大阪府 四條畷市
82%
7 神奈川県 南足柄市
82%
7 福井県 南越前町
82%
8 千葉県 大網白里市
82%
7 長崎県 新上五島町
81%
7 宮城県 東松島市
81%
7 長崎県 南島原市
81%
8 広島県 神石高原町
81%
7 岐阜県 東白川村
79%
7 沖縄県 南大東村
79%
7 京都府 南山城村
79%
7 山梨県 市川三郷町
78%
7 山口県 周防大島町
78%
7 石川県 宝達志水町
78%
7 宮城県 南三陸町
78%
7 長野県 野沢温泉村
77%
7 鹿児島県 南大隅町
77%
7 岡山県 吉備中央町
75%
7 群馬県 東吾妻町
73%
7 沖縄県 北中城村
71%
7 千葉県 横芝光町
71%
8 広島県 大崎上島町
71%
No matching quizzes found
Score Distribution
Percent of People with Each Score
Percentile by Number Answered
Your Score History
You have not taken this quiz